| 000 | 00425nam a22001217a 4500 | ||
|---|---|---|---|
| 008 | 230621b xxu||||| |||| 00| 0 eng d | ||
| 082 |
_a328.4 _bCPA |
||
| 100 | _cCommonwealth Parliamentary Association | ||
| 245 | _aReport of proceedings of the Eighteenth Commonwealth parliamentary Conference held in Malawi october 1972 | ||
| 260 |
_aMalawi _bCommonwealth Parliamentary Association _c1972 |
||
| 300 | _a330p | ||
| 942 |
_2ddc _cBK |
||
| 999 |
_c2159 _d2159 |
||